MARC

LEADER 00000nam0a2200000 4500
001 197447
005 20231031183458.0
010 |a 5110021007 
035 |a (RuTPU)RU\TPU\book\215379 
090 |a 197447 
100 |a 20110611d1990 k y0rusy50 ca 
101 0 |a rus 
102 |a UA 
105 |a a z 001zy 
200 1 |a Шарнирные механизмы Чебышева с выстоем выходного звена  |f Я. Т. Киницкий 
210 |a Киев  |c Выща школа  |d 1990 
215 |a 231 с.  |c ил. 
320 |a Библиогр.: с. 225-229. 
610 1 |a механизмы 
610 1 |a механизмы Чебышева 
610 1 |a шестизвенные механизмы 
610 1 |a кинематический анализ 
610 1 |a синтез 
610 1 |a динамика 
610 1 |a МЧВ 
675 |a 621.828  |v 3 
700 1 |a Киницкий  |b Я. Т.  |g Ярослав Тимофеевич 
801 1 |a RU  |b 63413507  |c 20110611 
801 2 |a RU  |b 63413507  |c 20110615  |g RCR 
942 |c BK